ŞİRİN İŞ BAŞINDA 2 ÖNMELİ NUMARALARLA BAŞIM DERTTE (Record no. 641968)
[ view plain ]
| 000 -LEADER | |
|---|---|
| sabit uzunluktaki kontrol alanı | 00287nam a2200097Ia 4500 |
| 001 - KONTROL NUMARASI | |
| kontrol alanı | 641968 |
| 005 - EN SON İŞLEMİN TARİH VE ZAMANI | |
| kontrol alanı | 20250826153517.0 |
| 008 - SABİT-UZUNLUKTA VERİ ÖĞELERİ--GENEL BİLGİ | |
| sabit uzunluktaki kontrol alanı | 250824s9999 xx 000 0 und d |
| 245 #0 - ESER / YAZAR | |
| ESER ADI | ŞİRİN İŞ BAŞINDA 2 ÖNMELİ NUMARALARLA BAŞIM DERTTE |
| Yazar Adı | BİRSEN EKİM ÖZEN |
| 260 ## - YAYIN, DAĞITIM, VB. | |
| YAYIN EVİ | TİMAŞ ÇOCUK |
| Düşüm durumu | Kayıp durumu | Hasar Durumu | Ödünç verilmez | Ana kütüphane | Geçerli Kütüphane | Edinilen tarih | Toplam ödünç verme sayısı | Barkod | Son görüntüleme tarihi | Son ödünç verme tarihi | Fiyatın geçerli olmaya başladığı tarih | Koha materyal türü |
|---|---|---|---|---|---|---|---|---|---|---|---|---|
| ABİDİN SANİYE ERÇAL İLKOKULU | ABİDİN SANİYE ERÇAL İLKOKULU | 24.08.2025 | 1 | 10012230 | 22.12.2025 | 12.12.2025 | 26.08.2025 | Books |